| 000 | 00697cam a2200229 a 4500 | ||
|---|---|---|---|
| 001 | 000005124 | ||
| 005 | 20200929151603.0 | ||
| 008 | 770915s1957 ag b 000 p spa d | ||
| 040 |
_aDO-SdBNP _bspa _cBNPHU _dBNPHU |
||
| 082 |
_aCh861.4 _bN454ó, 1957 |
||
| 100 | 1 |
_aNeruda, Pablo, _d1904-1973. _99164 |
|
| 245 | 1 | 0 |
_aObras completas / _cPablo Neruda. |
| 250 | _a4a ed. | ||
| 260 |
_aBuenos Aires, Argentina : _bLosada, _c1957. |
||
| 300 |
_av. ; _c20 cm. |
||
| 490 | 1 | _aOdas elementales | |
| 500 | _aLa biblioteca sólo posee el v.2 | ||
| 650 | 4 |
_aPoesía chilena _99166 |
|
| 650 | 4 |
_aLiteratura chilena _93164 |
|
| 830 | 0 |
_aOdas elementales _914678 |
|
| 910 | _aValidado. Control de calidad MFF | ||
| 999 |
_c4927 _d4927 |
||